| 000 | 01150cam a2200253 4500 | ||
|---|---|---|---|
| 001 | ##L135209 | ||
| 008 | 061004n2006 000 0 eng u | ||
| 020 | _a184318348X | ||
| 022 | _a1477-1144 | ||
| 035 | _a(Sirsi) u135209 | ||
| 041 | 0 | _aeng | |
| 050 | 0 | 4 | _a650.14 $2 18 |
| 245 | 0 | 0 |
_aTarget _bquantity surveying and building surveying 2007 |
| 250 | _a19th ed. | ||
| 260 |
_aWallingford _bGTI Specialist Publishers _c2006 |
||
| 300 |
_a96p. _bill. _c27cm. |
||
| 520 | _aProvides advice for graduates seeking jobs in quantity surveying and building surveying. Includes information on different sectors of the industry, as well as guidance on career development and a job hunting guide. Also sets out profiles of employers and course providers. Further information and a searchable database of employers can be found at www.targetcareers.co.uk/surveying. | ||
| 590 | _aIKA171006 | ||
| 651 | 4 |
_aUnited Kingdom _y |
|
| 690 | _aCAREERS, EDUCATION AND TRAINING-CAREERS IN SURVEYING | ||
| 700 | 1 |
_aPetrou, Sophie _eEditor |
|
| 856 | 4 | 0 |
_uhttps://www.targetcareers.co.uk/surveying _zView the targetcareers.co.uk surveying website... |
| 942 | _n0 | ||
| 999 |
_c105950 _d105950 |
||